书目信息 |
| 题名: |
做自己想做的人
|
|
| 作者: | 李践 著 | |
| 分册: | ||
| 出版信息: | 北京 中信出版社 2001.10 |
|
| 页数: | 291页 | |
| 开本: | 21cm | |
| 丛书名: | ||
| 单 册: | ||
| 中图分类: | B848.4 | |
| 科图分类: | ||
| 主题词: | 成功心理学 | |
| 电子资源: | ||
| ISBN: | 7-80073-291-6 | |
| 000 | 00960nam0 2200253 45 | |
| 001 | 0120000584 | |
| 005 | 20050913111306.95 | |
| 010 | @a7-80073-291-6@dCNY21.80 | |
| 100 | @a20001218d2001 em y0chiy0120 ea | |
| 101 | 0 | @achi |
| 102 | @aCN@b110000 | |
| 105 | @aa z 000yy | |
| 200 | 1 | @a做自己想做的人@Azuo zi ji xiang zuo de ren@e行动成功学@f李践著@Fli jian zhu |
| 205 | @a第2版 | |
| 210 | @a北京@c中信出版社@d2001.10 | |
| 215 | @a291页@c图@d21cm | |
| 314 | @a李践(1965~),云南大学文艺学研究生,风驰明星信息产业集团总裁,云南工业大学兼职教授。著有《做自己想做的人——行动成功学》。 | |
| 330 | @a本书包括 : 天性人为——认识成功、无穷力量——积极的心态、成功殿堂——明确的目标、生命之歌——有效的时间管理、行动巨人——知行合一、无限成功+求知创新等内容。 | |
| 517 | 1 | @a行动成功学@Axing dong cheng gong xue |
| 606 | 0 | @a成功心理学 |
| 690 | @aB848.4@v4 | |
| 701 | 0 | @a李践@Ali jian@4著 |
| 801 | 0 | @aCN@bQSSK@c20050913 |
| 905 | @a10447@dB848.4@eL185 | |
| 做自己想做的人:行动成功学/李践著.-第2版.-北京:中信出版社,2001.10 |
| 291页:图;21cm |
| ISBN 7-80073-291-6:CNY21.80 |
| 本书包括 : 天性人为——认识成功、无穷力量——积极的心态、成功殿堂——明确的目标、生命之歌——有效的时间管理、行动巨人——知行合一、无限成功+求知创新等内容。 |
| ● |
| 相关链接 |
|
|
|
正题名:做自己想做的人
索取号:B848.4/L185
 
预约/预借
| 序号 | 登录号 | 条形码 | 馆藏地/架位号 | 状态 | 备注 |
| 1 | 570209 | 205702097 | 社科库509/ [索取号:B848.4/L185] | 在馆 | |
| 2 | 570210 | 205702104 | 社科库509/509社科库 44排4列1层/ [索取号:B848.4/L185] | 在馆 | |
| 3 | 570211 | 205702113 | 社科库509/422社科库 44排3列5层/ [索取号:B848.4/L185] | 在馆 |